[Event "SapporoSummer2016"]
[Site "?"]
[Date "2016.07.31"]
[Round "5.1"]
[White "Nishimori, Toshiyuki"]
[Black "Yamanouchi, Kento"]
[Result "0-1"]
[WhiteElo "1768"]
[BlackElo "1996"]
[Annotator "Fritz 15 (30s)"]
[PlyCount "37"]

{B34: Sicilian: Accelerated Dragon with 5 Nc3: sidelines} 1. e4 c5 2. Nf3 g6 3.
d4 cxd4 4. Nxd4 Bg7 5. Nc3 Nc6 6. Be3 Nf6 7. Qd2 O-O 8. h4 $146 {Black has a
cramped position. Black's piece can't move: c8} (8. O-O-O Ng4 9. Nxc6 (9. Be2
Nxe3 10. fxe3 d6 11. h4 Bd7 12. h5 Rc8 13. hxg6 hxg6 14. Qe1 Ne5 15. Qh4 Re8
16. Qh7+ Kf8 17. Bb5 Rxc3 18. Bxd7 Nxd7 19. Ne6+ fxe6 20. Rdf1+ Nf6 21. Qxg6
Rxc2+ 22. Kxc2 Qc7+ 23. Kb1 Qc4 {Damia,A (2234)-Stokke,K (2385) Split 2013 1/
2-1/2 (37)}) 9... bxc6 10. Bd4 (10. Bg5 Rb8 11. Bc4 Qb6 12. Bb3 Qxf2 13. Rdf1
Qxd2+ 14. Kxd2 Bh6 15. Bxh6 Nxh6 16. Rf4 d6 17. h3 Be6 18. g4 Bxb3 19. axb3 f6
20. Ra1 Rb7 21. Ra6 Rc8 22. Rf1 Nf7 23. Rfa1 Rcc7 24. Ke3 Kf8 {Dengler,P (2330)
-Schindler,W (2295) Bayern 1994 0-1 (56)}) 10... Bh6 11. Be3 Nxe3 12. fxe3 Rb8
13. Re1 Qb6 14. Na4 Qc7 15. Bc4 Qe5 16. Nc3 Bg7 17. Qd3 d6 18. h3 Be6 19. Rhf1
Bxc4 20. Qxc4 Qa5 21. a3 d5 22. Qxc6 Rbc8 {Torbat,N (2200)-Kallai,G (2420)
Ulaanbaatar 1984 0-1}) (8. Nb3 d6 9. Be2 Be6 10. Nd4 Nxd4 11. Bxd4 Qa5 12. Bf3
Rac8 13. Nd5 Qxd2+ 14. Kxd2 Nxe4+ 15. Bxe4 Bxd5 16. Bxg7 Bxe4 17. Bxf8 Kxf8 18.
Rhg1 Rxc2+ 19. Ke3 Bc6 20. b4 e5 21. g3 d5 22. Rge1 f6 {Jackova,J (2388)
-Timman,J (2591) Marianske Lazne 2009 0-1 (37)}) (8. h3 d5 9. Nxc6 bxc6 10. e5
Nd7 11. f4 e6 12. Na4 Nxe5 13. O-O-O Nd7 14. g4 Rb8 15. h4 Nf6 16. h5 Nxg4 17.
Bc5 Qf6 18. c3 Bh6 19. Bd6 e5 20. Bxb8 Bxf4 21. Bxa7 gxh5 22. Bd3 e4 {Strowsky,
Y (2160)-Rausis,I (2560) Lyon 1993 0-1}) 8... Ng4 9. O-O-O Nxe3 10. Nxc6 $4 {
throwing away the advantage} (10. fxe3 $142 {would save the game} d6 11. h5 $11
) 10... Nxf1 $19 11. Qg5 $2 (11. Nxe7+ Qxe7 12. Rhxf1 Bxc3 13. Qxc3 Qxe4 14. h5
$19) 11... bxc6 12. h5 (12. Rhxf1 {a last effort to resist the inevitable} Rb8
13. Qc5 $19) 12... h6 13. Qf4 (13. Qc5 {doesn't get the bull off the ice} Ba6
$19) 13... g5 (13... e5 $142 $5 {seems even better} 14. Qg4 d5 15. Qe2 Qg5+ 16.
Kb1 $19) 14. Qf3 Rb8 15. Rdxf1 (15. Rhxf1 {doesn't get the cat off the tree}
Qa5 16. e5 Rxb2 17. Kxb2 Bxe5 $19) 15... Qb6 (15... Qa5 16. Rfg1 Rxb2 17. e5
$19) 16. b3 a5 17. Rd1 (17. Qg3 {doesn't change the outcome of the game} Qc5
18. Nb1 Rb4 $19) 17... Qc5 18. Na4 (18. Rd3 $19 {hoping against hope}) 18...
Qa3+ 19. Kb1 0-1

[Event "SapporoSummer2016"]
[Site "?"]
[Date "2016.07.31"]
[Round "5.2"]
[White "Manabe, Hiroaki"]
[Black "Sugimoto, Koichi"]
[Result "0-1"]
[WhiteElo "1760"]
[BlackElo "2040"]
[Annotator "Fritz 15 (30s)"]
[PlyCount "50"]

{B01: Scandinavian Defence} 1. e4 d5 2. exd5 Qxd5 3. Nc3 Qd6 4. d4 Nf6 5. Nf3
c6 6. Ne5 Nbd7 7. Nc4 Qc7 8. Qf3 Nb6 9. Bf4 Qd8 10. Be5 Bg4 11. Qg3 h5 12. h3
h4 13. Qf4 Be6 14. Ne3 (14. Nxb6 Qxb6 15. O-O-O O-O-O 16. Qf3 Qa5 17. a3 Nd7
18. Bh2 Nf6 19. Qf4 Rd6 20. Qf3 Rd8 21. Be5 Nd7 22. Bh2 {1/2-1/2 (22)
Krivoborodov,E (2511)-Lauer,M (2355) Germany 2015}) 14... Nbd5 15. Ncxd5 (15.
Nexd5 Nxd5 16. Qd2 Nxc3 17. Qxc3 Bd5 18. Qd2 e6 19. c4 Be4 20. f3 Bf5 21. a3
Rh5 22. Rd1 Bd6 23. Qe3 f6 24. Bxd6 Qxd6 25. f4 Kf8 26. Be2 Rh6 27. O-O a5 28.
Bd3 Bxd3 29. Qxd3 Rd8 {Hossain,E (2460)-Tiviakov,S (2669) Turin 2006 1/2-1/2 
(41)}) 15... Nxd5 16. Qf3 $146 (16. Nxd5 Qxd5 17. Qe3 (17. c4 Qa5+ 18. Qd2
Qxd2+ 19. Kxd2 O-O-O 20. Kc3 Bf5 21. Be2 e6 22. Bg4 Bxg4 23. hxg4 Be7 24. Rh3
Rd7 25. Re1 Rg8 26. Rf3 a5 27. a3 b5 28. cxb5 cxb5 29. Kb3 Bd8 30. Rc1+ Kb7 31.
Rc5 a4+ {Gruenter,M (2232)-Lai,H (2173) Germany 2013 0-1 (60)}) 17... f6 18.
Bh2 Bf5 19. Bd3 Bxd3 20. Qxd3 O-O-O 21. O-O Qxd4 22. Qb3 e5 23. c3 Qd5 24. Qa4
Bc5 25. Qg4+ Qd7 26. Qc4 Bb6 27. a4 a6 28. b4 Kb8 29. Kh1 g5 30. b5 cxb5 {
Stetsko,L (2209)-Mikadze,M (2314) Belgrade 2013 0-1 (38)}) (16. Nxd5 $142 $5 {
is an interesting alternative} Qxd5 17. c4 Qa5+ 18. Qd2 Qxd2+ 19. Kxd2 $11)
16... Qa5+ $17 17. c3 Nxc3 $1 {Mate threat} 18. Nc4 (18. bxc3 Qxc3+ 19. Kd1 (
19. Ke2 Qb2+ {Decoy}) 19... Qxa1+ 20. Kc2 (20. Kd2 Qb2+ {Double attack}) (20.
Ke2 Qb2+ {Double attack}) 20... Qxa2+ {Combination}) (18. -- $140 Ne4+ {
Mate threat}) 18... Bxc4 19. Bxc4 $4 {causes further problems for ?} (19. Qxc3
$142 Qxc3+ 20. bxc3 Bxf1 21. Rxf1 $17) 19... Nb1+ $19 20. Ke2 Qd2+ 21. Kf1 Qc1+
22. Ke2 Qxb2+ 23. Ke1 Qd2+ (23... e6 $142 {secures victory} 24. Qd1 Qxa1 25.
Bd3 Bb4+ 26. Kf1 Nd2+ 27. Ke2 Qxa2 28. Qc2 $19) 24. Kf1 Qc1+ 25. Ke2 Qxc4+ (
25... Qxc4+ 26. Qd3 Qxd3+ 27. Kxd3 Na3 $19) 0-1

[Event "SapporoSummer2016"]
[Site "?"]
[Date "2016.07.31"]
[Round "5.3"]
[White "Sato, Yasuji"]
[Black "Watanabe, Katsumi"]
[Result "0-1"]
[WhiteElo "1630"]
[BlackElo "1612"]
[Annotator "Fritz 15 (30s)"]
[PlyCount "122"]

{C44: Ponziani Opening and Scotch Gambit} 1. e4 e5 2. Nf3 Nc6 3. c3 d6 4. d4
Bg4 5. Bb5 (5. Be2 Nf6 6. O-O Be7 7. Qb3 Qc8 8. h3 Bh5 9. Nbd2 O-O 10. Qc2 Bg6
11. dxe5 dxe5 12. b4 a6 13. Re1 Nd7 14. a3 Re8 15. Bb2 Nf8 16. c4 f6 17. Nf1
Ne6 18. Ne3 a5 19. b5 Ncd8 {Khegay,D (2200)-Tikhomirov,A (2195) Krasnoyarsk
2011 0-1 (51)}) 5... a6 6. Bxc6+ (6. Ba4 b5 7. Bb3 Nf6 8. O-O Be7 9. h3 Bxf3
10. Qxf3 exd4 11. Qg3 O-O 12. Bh6 Ne8 13. Bd5 Bh4 14. Qf4 Ne5 15. Bxa8 Ng6 16.
Qf5 gxh6 17. Bd5 Ng7 18. Qf3 c6 19. Bb3 Ne5 20. Qd1 d3 {Velimirovic,D (2515)
-Stanojevic,B (2340) Bjelovar 1979 1-0}) 6... bxc6 7. Nbd2 $146 (7. dxe5 Bxf3
8. gxf3 dxe5 9. Qxd8+ Rxd8 10. f4 Bd6 11. fxe5 Bxe5 12. Na3 Ne7 13. Nc4 Ng6 14.
Nxe5 Nxe5 15. Ke2 Rd7 16. Be3 Nc4 17. b3 Nd6 18. f3 Kd8 19. Rhd1 Re8 20. Kf2 f5
21. exf5 Nxf5 {Kilpela,P (2220)-Sorri,K (2305) Helsinki 1997 1/2-1/2 (45)})
7... Be7 (7... exd4 8. cxd4 Nf6 9. Qc2 $14) 8. h3 $16 Bxf3 {Black forks: d1+g2}
9. Nxf3 Bf6 10. dxe5 dxe5 11. O-O Ne7 12. Bg5 (12. Be3 Qxd1 13. Rfxd1 Ng6 $16)
12... Bxg5 $14 13. Nxg5 h6 {Black threatens to win material: h6xg5} 14. Nf3 Ng6
15. Qa4 Qf6 16. Qa5 {White threatens to win material: Qa5xc7} O-O 17. Qxc7 Rfe8
(17... Rab8 18. b3 $14) 18. Rad1 $16 Nf4 19. Rd6 {White threatens to win
material: Rd6xf6. White forks: c6+f6} Rac8 (19... Nxh3+ $5 20. Kh1 Qf4 $14) 20.
Qd7 (20. Qxc8 Rxc8 21. Rxf6 gxf6 $18) 20... Red8 $16 21. Rxf6 Rxd7 22. Nxe5
Ne2+ 23. Kh2 Re7 $2 (23... Rb7 $142 24. Rf3 Rxb2 25. Nxf7 Rxa2 $16) 24. Rxc6
$18 Rxc6 25. Nxc6 Rxe4 26. Re1 (26. Nb4 {might be the shorter path} a5 27. Nd5
f5 $18) 26... Re6 (26... Nxc3 27. Rxe4 Nxe4 $18) 27. Rd1 $4 {lets it slip away}
(27. Nb4 $142 $18 {secures the win}) 27... Rxc6 $17 28. Rd2 Nf4 29. g3 Ne6 30.
f4 (30. Kg2 a5 $17) 30... g6 31. Kg2 Kg7 32. Kf3 h5 33. Ke4 (33. Rd5 h4 $1 $19
{Decoy: h4}) 33... Kf6 34. g4 $2 (34. h4 $19) 34... hxg4 35. hxg4 Rc4+ 36. Ke3
(36. Kd5 Rxf4 37. Rg2 Kg5 $19) 36... Rxf4 37. Rf2 (37. Rd6 {there is nothing
else anyway} Ra4 38. a3 $19) 37... Rxf2 38. Kxf2 Ke5 39. Ke3 (39. b3 {doesn't
get the cat off the tree} Nc5 40. Kf3 Nd3 $19) 39... Nc5 40. b4 (40. Kd2 {
a fruitless try to alter the course of the game} g5 $19) 40... Na4 41. c4 f5
42. gxf5 (42. Kf2 $19 {is the last straw}) 42... Kxf5 43. c5 g5 44. c6 Nc3 45.
Kd3 Nb5 46. a4 Nc7 47. Ke3 Ke5 (47... g4 48. Kd4 Kf4 49. Kc5 Ke5 50. Kc4 g3 51.
b5 axb5+ 52. axb5 g2 53. b6 g1=Q 54. bxc7 Qd4+ 55. Kb5 Qg4 56. Kc5 Qe6 57. Kb5
Kd4 58. Kb6 Qc8 59. Ka7 Qxc7+ 60. Ka8 Qxc6+ 61. Kb8 Kc5 62. Ka7 Qb5 63. Ka8 Kc6
64. Ka7 Qb7#) 48. b5 axb5 49. axb5 Nxb5 50. Kf3 Nc7 51. Kg4 (51. Ke3 {does not
help much} g4 52. Kd3 Na8 53. Ke3 Kf5 54. Ke2 Kf4 55. Kd1 Ke3 56. Kc1 g3 57.
Kb1 g2 58. c7 g1=Q+ 59. Kb2 Qf2+ 60. Kc3 Nxc7 61. Kc4 Kd2 62. Kb3 Qb6+ 63. Ka4
Kc3 64. Ka3 Qa6#) 51... Kf6 52. Kg3 (52. Kf3 {doesn't get the bull off the ice}
Kf5 53. Ke2 Ke4 54. Kf1 Kf3 55. Ke1 g4 56. Kf1 g3 57. Ke1 Nb5 58. c7 Nxc7 59.
Kd2 g2 60. Kc3 g1=Q 61. Kb4 Qc1 62. Kb3 Na8 63. Kb4 Nb6 64. Kb5 Nd5 65. Ka4 Qb1
66. Ka5 Qb6+ 67. Ka4 Qb4#) 52... Kf5 53. Kf3 Nd5 54. Kg3 (54. Ke2 {hardly
improves anything} g4 55. Kd3 Ke5 56. c7 Nxc7 57. Ke3 Ne6 58. Ke2 Ke4 59. Kf2
Kf4 60. Ke1 g3 61. Kf1 Kf3 62. Ke1 g2 63. Kd1 g1=Q+ 64. Kc2 Qc5+ 65. Kb2 Nd4
66. Ka1 Qc1+ 67. Ka2 Qc2+ 68. Ka3 Qb3#) 54... g4 55. Kg2 (55. Kf2 {does not
solve anything} Kf4 56. c7 g3+ 57. Ke2 Nxc7 58. Kf1 Kf3 59. Ke1 g2 60. Kd2 g1=Q
61. Kd3 Qc5 62. Kd2 Qc4 63. Kd1 Ke3 64. Ke1 Qe2#) 55... Kf4 56. Kf2 (56. Kf1 {
is not much help} g3 57. c7 Nxc7 58. Ke2 Ne6 59. Kd1 g2 60. Ke2 g1=Q 61. Kd2
Qc5 62. Kd3 Nd4 63. Kd2 Qc2+ 64. Ke1 Qe2#) 56... g3+ 57. Kg2 (57. Ke2 {is not
the saving move} Nc7 58. Kf1 Kf3 59. Ke1 g2 60. Kd1 g1=Q+ 61. Kc2 Qc5+ 62. Kb2
Ke3 63. Kb3 Kd3 64. Kb2 Qb6+ 65. Ka2 Kc3 66. Ka3 Qa7#) 57... Nc7 58. Kg1 (58.
Kh3 {does not solve anything} Kf3 59. Kh4 g2 60. Kg5 g1=Q+ 61. Kf5 Qc5+ 62. Kf6
Qf8+ 63. Kg6 Ne6 64. c7 Qg7+ 65. Kf5 Nd4#) 58... Kf3 59. Kf1 (59. Kh1 {does
not win a prize} Nd5 60. Kg1 g2 61. c7 Nf4 62. c8=Q Ne2+ 63. Kh2 g1=Q+ 64. Kh3
Qg3#) 59... g2+ 60. Kg1 (60. Ke1 {is not the saving move} g1=Q+ 61. Kd2 Qc5 62.
Kd3 Nd5 63. Kd2 Qc3+ 64. Kd1 Ne3#) 60... Nd5 61. c7 Nxc7 (61... Nxc7 62. Kh2
Kf2 63. Kh3 g1=Q 64. Kh4 Qg6 65. Kh3 Qg3#) (61... Nf4 62. c8=Q Ne2+ 63. Kh2
g1=Q+ 64. Kh3 Qg3#) 0-1

[Event "SapporoSummer2016"]
[Site "?"]
[Date "2016.07.31"]
[Round "5.4"]
[White "Ito, Katsuhide"]
[Black "Kanamaru, Tomoji"]
[Result "0-1"]
[WhiteElo "1449"]
[BlackElo "1586"]
[Annotator "Fritz 15 (30s)"]
[PlyCount "72"]

{C14: French: Classical System: 4 Bg5 Be7 main line} 1. e4 e6 2. d4 d5 3. Nc3
Nf6 4. Bg5 Be7 {Black has a cramped position} 5. f4 $146 {Loses material} (5.
Qd2 h6 6. Bxf6 Bxf6 7. O-O-O O-O 8. Nf3 b6 9. e5 Be7 10. g4 c5 11. Rg1 Nc6 12.
g5 h5 13. Qf4 g6 14. dxc5 bxc5 15. Ne4 Rb8 16. Nf6+ Kg7 17. Bd3 Rb4 18. c4 Rh8
19. a3 Ra4 {Panopio,R (2179)-Senador,E (2408) Ho Chi Minh City 2011 1-0 (33)})
(5. e5 $142 $5 {should be considered} Nfd7 6. Bxe7 Qxe7 7. f4 $11) 5... Nxe4
$17 {The black knight on an outpost} 6. Bxe7 Qxe7 7. Qf3 Qb4 8. O-O-O Nxc3 9.
Qxc3 Qxc3 10. bxc3 b6 11. Nf3 f6 12. c4 c6 13. Bd3 Ba6 14. c5 {White gets more
space} (14. Rhe1 $5 Kf7 15. Nd2 $15) 14... Bxd3 $17 15. Rxd3 Nd7 16. Re1 Kf7
17. Rde3 Rhe8 18. f5 $2 (18. Rb3 $142 $5 $17) 18... exf5 $19 19. cxb6 (19. Ra3
Rxe1+ 20. Nxe1 bxc5 21. dxc5 Nxc5 $19) 19... axb6 20. Kb2 c5 (20... f4 {
and Black can already relax} 21. R3e2 $19) 21. g3 (21. Rxe8 Rxe8 22. Rxe8 Kxe8
$19) 21... c4 22. h4 (22. Nh4 g6 23. Ng2 $19) 22... b5 $4 {releasing the
pressure on the opponent} (22... Nf8 $142 $19 {keeps an even firmer grip}) 23.
Kc3 $4 {cause more grief} (23. Rxe8 $142 Rxe8 24. Rxe8 Kxe8 25. Kc3 $17) 23...
Ra3+ $19 24. Kd2 Rexe3 25. Rxe3 Rxa2 26. h5 (26. Kc1 {does not save the day} b4
27. Kb1 Ra6 $19) 26... b4 27. Nh4 g6 28. g4 (28. Kd1 $19 {is the last straw})
28... fxg4 29. hxg6+ (29. Kc1 {cannot change what is in store for ?} f5 30.
hxg6+ hxg6 $19) 29... hxg6 30. Rg3 f5 (30... b3 31. Kc1 Rxc2+ 32. Kb1 f5 33.
Ng2 Nf6 34. Ne1 Rd2 35. Rg2 c3 36. Rxd2 cxd2 37. Ng2 d1=Q+ 38. Kb2 Qc2+ 39. Ka3
Qa2+ 40. Kb4 b2 41. Kb5 b1=Q+ 42. Kc5 Qc4+ 43. Kd6 Qb8#) 31. Ng2 b3 32. Kc1
Rxc2+ 33. Kb1 (33. Kd1 {doesn't change the outcome of the game} Nf6 34. Ne1 Ne4
35. Nxc2 bxc2+ 36. Kxc2 Nxg3 37. Kd1 Ne4 38. Kc2 g3 39. Kb1 g2 40. Ka1 g1=Q+
41. Ka2 Qxd4 42. Ka3 Qb6 43. Ka4 Nd2 44. Ka3 Qb3#) 33... Nf6 34. Nf4 (34. Ne1 {
is no salvation} Ne4 35. Nxc2 bxc2+ 36. Kxc2 Nxg3 37. Kb2 Ne4 38. Ka3 g3 39.
Kb4 g2 40. Kb5 g1=Q 41. Kb6 Qb1+ 42. Kc6 Ke8 43. Kc7 Ke7 44. Kc6 Qb8 45. Kxd5
Qb5#) 34... Ne4 35. Rg1 (35. Ka1 {doesn't do any good} Nd2 36. Rxb3 cxb3 37.
Nxd5 Ra2#) 35... Nc3+ 36. Ka1 Ra2# 0-1